000 00892cab a2200349 4500
001 ABS44955
008 090401t1991 xxu||||| |||| 00| 0 eng d
035 _a(Sirsi) u50046
041 _aeng
245 _aM25 London orbital
260 _c1991
350 _a0
490 _aEstates Times
_v(1107) 2 August 1991, 9-37 (22)
520 _aLooks at the markets stretching along main roads off the orbital motorway. Includes reports on relocation, town centres and out-of-town shopping.
650 _aA1
650 _aA12
650 _aA13
650 _aA3
650 _aGUILDFORD
650 _aM1
650 _aM11
650 _aM20
650 _aM23
650 _aM3
650 _aM40
650 _aOFFICES
650 _aRED ROUTES
650 _aWOKING
690 _aPROPERTY-COMMERCIAL PROPERTY-COMMERCIAL PROPERTY MARKET
942 _n0
948 _c04/03/1997
999 _c31284
_d31284